| 000 | 00725nam a22002177a 4500 | ||
|---|---|---|---|
| 003 | OSt | ||
| 005 | 20140310183114.0 | ||
| 008 | 130201t xxu||||| |||| 00| 0 eng d | ||
| 020 | _a9789719458909 | ||
| 050 |
_aDS689 _b.K66 2009 |
||
| 082 |
_aFIL 320.85409599 _bK66 2009 |
||
| 245 |
_aThe Man and the City in a Forest _bA Personal Saga of Environmental Advocacy in Governance _cKlow, Jordan Ross , SalvaƱa, Rolando Salcedo |
||
| 260 |
_aPuerto Princesa City Palawan, Philippines _bLotus Multimedia Communications _c2009 |
||
| 300 |
_a239 p. _bill. (some col.), col. map _c21 cm. |
||
| 521 | _aCollege | ||
| 526 | _c1210L-1700L | ||
| 541 | _j1 | ||
| 541 | _j2 | ||
| 562 | _e2 | ||
| 942 |
_2lcc _cBK _kFIL |
||
| 999 |
_c18881 _d18881 |
||